Reír y aprender : 95 técnicas para emplear el humor en la formación /
Obra que explica cómo los profesores pueden emplear el humor, la creatividad, la diversión y la emoción para aumentar la atención y la participación en sus alumnos; para ello, se presentan teorías y métodos de aprendizaje, así como ejercicios y juegos para estimular la mente.
Guardat en:
| Autor principal: | |
|---|---|
| Format: | Llibre |
| Idioma: | espanyol |
| Publicat: |
Bilbao, España :
Desclée de Brouwer,
2006, c2006
|
| Col·lecció: | (Serendipity. Maior ;
28) |
| Matèries: | |
| Etiquetes: |
Sense etiquetes, Sigues el primer a etiquetar aquest registre!
|
MARC
| LEADER | 00000nam^a2200000^a^4500 | ||
|---|---|---|---|
| 001 | 000192351 | ||
| 005 | 20250521000000.0 | ||
| 009 | 20260310102603.31 | ||
| 020 | |a 84-330-2057-9 | ||
| 037 | |a Acervo ITESO - Biblioteca | ||
| 041 | |a ESP | ||
| 082 | |a 153. 152 |b TAM | ||
| 100 | |a Tamblyn, Doni |e (autor) | ||
| 245 | 1 | 0 | |a Reír y aprender : |b 95 técnicas para emplear el humor en la formación / |c D. Tamblyn ; tr. de Eduardo Jáuregui. |
| 264 | 4 | |a Bilbao, España : |b Desclée de Brouwer, |c 2006, c2006 | |
| 300 | |a 256 p. | ||
| 336 | |a texto |b txt |2 rdacontenido | ||
| 337 | |a sin mediación |b n |2 rdamedio | ||
| 338 | |a volumen |b nc |2 rdasoporte | ||
| 440 | 1 | |a (Serendipity. |p Maior ; |v 28) | |
| 500 | |a Traducción de: Laugh and Learn. 95 Ways to Use Humor for More Effective Teaching and Traning | ||
| 520 | |a Obra que explica cómo los profesores pueden emplear el humor, la creatividad, la diversión y la emoción para aumentar la atención y la participación en sus alumnos; para ello, se presentan teorías y métodos de aprendizaje, así como ejercicios y juegos para estimular la mente. | ||
| 649 | |a XX | ||
| 650 | |a Emoción | ||
| 650 | |a Creatividad | ||
| 650 | |a Humor - |x Tema Principal | ||
| 650 | |a Atención | ||
| 650 | |a Memoria | ||
| 650 | |a Habilidades de Aprendizaje - |x Tema Principal | ||
| 650 | |a Aprendizaje - |x Teoría | ||
| 650 | |a Aprendizaje | ||
| 650 | |a Metodología Educativa | ||
| 650 | |a Educación | ||
| 650 | |a Psicología | ||
| 910 | |a Fondo General | ||
| 920 | |a Impresos - Libros | ||
| 930 | |a Colección General | ||
| 905 | |a 101 | ||
| 901 | |a 0500136120 |b IT1 |c ACC |u 20250521 | ||
| 902 | |a https://opac.biblio.iteso.mx/vufind/Record/000192351 | ||